• 首页
  • 本馆介绍
  • 公告通知
  • 最新文献
  • 馆藏检索
  • 电子资源
  • 读者导购
  • 参考咨询
  • 我的图书馆
  • 登录
  • 详细信息显示
  • 放入我的书架
  • 预约/预借图书
  • 作者相关作品
  • 分类相关作品
  • 丛书相关作品
  • 出版社相关作品

书目信息

  • 表格格式
  • 工作单格式
  • 卡片格式
题名:
退耕还林与西部可持续发展
    
 
作者: 陈健生 著
分册:  
出版信息: 成都   西南财经大学出版社  2006
页数: 245页
开本: 21cm
丛书名:
单 册:
中图分类: S725 , F127.4 , F127.7
科图分类:
主题词: 造林--关系--地区经济--可持续发展--研究--西北地区 , 造林--关系--地区经济--可持续发展--研究--西南地区
电子资源:
ISBN: 7-81088-520-0
000 01010nam0 2200301 450
001 012004054318
005 20070807162210.28
009 012004054318
010    @a7-81088-520-0@dCNY16.00
035    @a(110019)012006056552
100    @a20060711d2006 em y0chiy0110 ea
101 0  @achi
102    @aCN@b510000
105    @ay z 000yy
106    @ar
200 1  @a退耕还林与西部可持续发展@Atui geng huan lin yu xi bu ke chi xu fa zhan@f陈健生著@Fchen jian sheng zhu
210    @a成都@c西南财经大学出版社@d2006
215    @a245页@d21cm
300    @a西南财经大学“十五”“211工程”建设项目
330    @a本书包括可持续发展理论与西部生态重建、退耕还林:背景、现状与政策演进、退耕还林的经济学分析等内容。
606 0  @a造林@x关系@x地区经济@x可持续发展@x研究@y西北地区
606 0  @a造林@x关系@x地区经济@x可持续发展@x研究@y西南地区
690    @aS725@v4
690    @aF127.4@v4
690    @aF127.7@v4
701  0 @a陈健生@Achen jian sheng@4著
801  0 @aCN@b110019@c20070807
905    @dS725@e36@f5
    
    退耕还林与西部可持续发展/陈健生著.-成都:西南财经大学出版社,2006
    245页;21cm
    西南财经大学“十五”“211工程”建设项目
    
    ISBN 7-81088-520-0:CNY16.00
    本书包括可持续发展理论与西部生态重建、退耕还林:背景、现状与政策演进、退耕还林的经济学分析等内容。
●
相关链接 在E读中查询图书 在五车中查询图书 在当当中查询图书 在豆瓣中查询图书


正题名:退耕还林与西部可持续发展     索取号:S725/36         预约/预借

序号 登录号 条形码 馆藏地/架位号 状态 备注
1 0853157   208531579   第二样本阅览室/ [索取号:S725/36] 在馆    
2 0853158   208531588   第三借阅区/ [索取号:S725/36] 在馆    
3 0853159   208531597   第三借阅区/ [索取号:S725/36] 在馆    
4 0853160   208531604   第三借阅区/ [索取号:S725/36] 在馆    
5 0853161   208531613   第三借阅区/ [索取号:S725/36] 在馆    
欢迎您!
大连网信软件有限公司© 版权所有